[Event "164 Stay Safe Play From Home"]
[Site "T#646250Emanuel Laske"]
[Date "2020.05.22"]
[Round "5"]
[White "Lamborghini"]
[Black "Haxhi Baha"]
[Result "1-0"]
[WhiteElo "2181"]
[BlackElo "1949"]
[Annotator "TA"]
[PlyCount "65"]
[EventDate "2020.05.22"]
[EventType "swiss (blitz)"]

{[%evp 9,65,-15,-5,-19,-16,-10,-10,-14,-6,-35,-19,-19,22,-101,-15,-29,8,-22,0,0,56,29,68,22,148,126,147,75,74,0,77,75,75,79,91,78,89,89,163,97,114,46,41,52,70,65,213,83,224,89,908,872,1271,1025,29990,29991,29993,29992]} 1. e4 e6 2. d3 d5 3. Nd2 Nf6 4. Ngf3 b6 5. g3 Bb7 {[%cal Rd5e4]} 6. e5 {C00: French: Unusual White 2nd moves.} Nfd7 7. d4 c5 8. c3 {The position is equal.} Nc6 9. Bg2 Be7 10. O-O {[#]} h5 $146 ({Predecessor:} 10... O-O 11. Re1 cxd4 12. cxd4 Nb4 13. a3 Nd3 14. Re3 Nxc1 15. Rxc1 Rc8 16. Rec3 Rxc3 17. Rxc3 Qb8 18. h4 Rc8 19. Qc2 Rxc3 20. Qxc3 Qc8 21. Qd3 Qd8 22. Qc3 Qc8 23. Qd3 Qd8 24. Qc3 Qc8 25. Qd3 {½-½ (25) Al Busaidi,H (1413)-Mohammed,A (1716) Muscat 2020}) 11. a3 (11. h4 $11) 11... h4 (11... g5 $1 $17 12. b4 g4) 12. Re1 $11 hxg3 13. hxg3 Qc7 14. b4 c4 (14... a6 $11) 15. Nf1 O-O-O 16. Ne3 f6 (16... Rh5 $11) 17. exf6 $1 $16 gxf6 18. Ng4 (18. b5 $142 Na5 19. Nf5 $1 {[%mdl 576] Pin}) 18... Nf8 19. a4 (19. Qe2 $16) 19... f5 (19... Bd6 $1 $11 {keeps the balance.}) 20. Nge5 Nxe5 21. Nxe5 {And now Nf7 would win.} Bd6 22. a5 Bxe5 23. Rxe5 (23. dxe5 d4 $11) 23... Qh7 (23... Re8 $16) 24. axb6 (24. Qe2 $18) 24... axb6 25. Bf4 (25. Qe2 $16) 25... Ng6 26. Qd2 Nxe5 27. Bxe5 {Black must now prevent Qa2.} Qh2+ 28. Kf1 {[%mdl 1024] Qa2 is the strong threat. White has strong compensation.} Rh7 {[#]} (28... Kd7 $16 {was worth a try.}) 29. Qe3 (29. Qa2 $1 $18 {is the precise move to win.}) 29... Rg8 $2 {[%mdl 8192]} (29... Qh5 $16) 30. Bf4 $18 Kd7 31. Qe5 {Threatens to win with Qd6+.} Ke7 {[#]} 32. Ra7 $1 {[%mdl 512]} Kf8 33. Qf6+ {Accuracy: White = 60%, Black = 43%.} 1-0

[Event "164 Stay Safe Play From Home"]
[Site "T#646250Emanuel Laske"]
[Date "2020.05.22"]
[Round "5"]
[White "SoulofWolf"]
[Black "Toosieslide"]
[Result "0-1"]
[WhiteElo "2119"]
[BlackElo "2223"]
[Annotator "TA"]
[PlyCount "124"]
[EventDate "2020.05.22"]
[EventType "swiss (blitz)"]

{[%evp 9,123,11,31,16,18,11,11,12,19,8,20,21,36,18,25,1,26,4,29,13,22,-22,-18,-85,-26,-83,-17,-29,-13,-181,-110,-173,-168,-173,-135,-622,-633,-600,-614,-795,-777,-792,-700,-722,-718,-1016,-993,-928,-746,-1116,-1107,-1122,-1172,-1162,-1133,-1056,-1063,-1052,-1085,-1450,-1294,-648,-4606,-5214,-5214,-29985,-29986,-29986,-29987,-29988,-29989,-29989,-29990,-29990,-29989,-29989,-29990,-29993,-29982,-29990,-29990,-29990,-29991,-29991,-29989,-29989,-29990,-29990,-29991,-29991,-29992,-29994,-29992,-29996,-29995,-29995,-29994,-29996,-29994,-29995,-29995,-29995,-29995,-29996,-29995,-29998,-29996,-29996,-29997,-29998,-29998,-29998,-29998,-29999,-29999,-29999]} 1. Nf3 d5 2. d4 c6 3. Bf4 Nf6 4. e3 Bf5 5. h3 Nbd7 6. Bd3 {D02: 1 d4 d5 2 Nf3 sidelines, including 2...Nf6 3 g3 and 2...Nf6 3 Bf4.} Bxd3 7. Qxd3 e6 8. c4 {The position is equal.} Be7 9. Nc3 O-O 10. O-O h6 {[#]} 11. b3 $146 ({Predecessor:} 11. Bh2 dxc4 12. Qxc4 Nb6 13. Qe2 Bb4 14. Ne5 Nbd5 15. Rac1 Qe7 16. Na4 Bd6 17. Nc5 Bxc5 18. dxc5 {1-0 (39) Castro Castro,J (1560)-Chaverra Orozco,J (1377) Paipa 2019}) 11... Re8 12. Rfe1 Nf8 13. Rab1 Bd6 (13... Bb4 {keeps more tension.} 14. Red1 Ng6 15. Bh2 Qe7 16. Rbc1 Ba3) 14. Be5 Bxe5 15. dxe5 N6d7 16. b4 (16. cxd5 $11 {keeps the balance.} exd5 17. e4) 16... Qe7 (16... Qc7 $17) 17. c5 (17. Qd4 $11 {remains equal.}) 17... b6 (17... Ng6 $17 18. Qd4 Qd8) 18. cxb6 $11 axb6 19. a3 $2 (19. e4 $1 $11) 19... c5 ({Better is} 19... Ng6 $19 20. a4 Ngxe5 21. Nxe5 Nxe5) 20. bxc5 (20. Nb5 $17 {is a better defense.}) 20... bxc5 $19 21. Nb5 Ng6 {[%cal Bf8g6,Bg6e5,Be5c4][%mdl 32]} 22. Nc7 $2 {[%mdl 8192]} (22. Qc3 $17) 22... Ndxe5 23. Nxe5 Nxe5 24. Qc3 Qxc7 25. Rb3 Nc4 26. Ra1 Reb8 27. e4 Rxb3 28. Qxb3 Qb6 29. Qc3 Qb2 30. Rc1 Qxc3 31. Rxc3 Rxa3 {[%mdl 4096] Endgame KRN-KR} 32. Rc1 Ra4 33. exd5 exd5 34. Rb1 d4 35. Rb8+ Kh7 36. Kh2 d3 37. Rd8 d2 {Black mates.} 38. Kg3 Ra1 39. f3 d1=Q 40. Rxd1 Rxd1 41. h4 Rd2 42. Kf4 {[#]} Ne3 $1 43. g3 (43. Kxe3 Rd7) 43... Rg2 44. g4 {[#]} Nxg4 $1 {[%mdl 64] Promotion} 45. fxg4 {KR-KPP} c4 46. Kf3 {[#]} Rxg4 $1 {[%mdl 64] Promotion} 47. Kxg4 {KP-KP} c3 48. Kf3 c2 49. h5 c1=Q 50. Kg4 Qg5+ 51. Kh3 Qxh5+ 52. Kg2 g5 53. Kg3 g4 54. Kf2 Qh3 55. Ke2 g3 56. Kd2 Qh2+ 57. Ke1 g2 {[%cal Rg2g1]} 58. Ke2 g1=Q+ 59. Kf3 Qhg3+ 60. Ke4 Q1e3+ 61. Kf5 Qge5+ 62. Kg4 Q3g3# {Accuracy: White = 49%, Black = 68%.} 0-1

[Event "164 Stay Safe Play From Home"]
[Site "T#646250Emanuel Laske"]
[Date "2020.05.22"]
[Round "5"]
[White "Lazieri3"]
[Black "Tavares"]
[Result "0-1"]
[WhiteElo "2117"]
[BlackElo "1762"]
[Annotator "TA"]
[PlyCount "84"]
[EventDate "2020.05.22"]
[EventType "swiss (blitz)"]

{[%evp 9,84,4,92,40,122,114,142,133,156,130,164,130,141,133,162,80,285,93,122,98,128,89,106,104,106,100,130,126,162,119,189,204,194,193,242,18,75,0,0,-1395,-1329,-29996,-29994,-29997,-29992,-29994,-29992,-29997,561,-29992,230,231,224,224,369,356,320,0,324,288,404,397,512,381,511,408,551,-1501,829,835,634,15,640,616,29975,192,29982]} 1. e4 c5 2. Nc3 Nc6 3. d3 e6 4. Nf3 g6 5. Bg5 Nge7 {[#]} (5... Be7 $11 6. h4 Nf6) 6. Qd2 $146 {B40: Sicilian: 2...e6, Unusual lines.} (6. Bf6 $16 Rg8 7. Qd2) ({Predecessor:} 6. Bf4 d6 7. Nb5 Qa5+ 8. Nc3 d5 9. Bd2 Qd8 10. Ng5 h6 11. Nf3 Bg7 12. Rb1 {0-1 (81) Panades Catarineu,O-Castellet Menchon,D (1777) Llinars del Valles 2009}) 6... h6 (6... Bg7 $14) 7. Bf6 $16 Rg8 8. Be2 b6 9. O-O a6 10. d4 cxd4 11. Nxd4 Bb7 12. Bf3 (12. Nxc6 $18 Bxc6 13. Rad1) 12... Qc7 $2 (12... Nxd4 $16 13. Bxd4 (13. Qxd4 Nc6 $14) 13... Nc6) 13. Rad1 $2 (13. Ndb5 $18 {has better winning chances.} axb5 14. Nxb5) 13... Nxd4 14. Qxd4 Nc6 15. Qd2 {Nd5! is the strong threat.} Be7 16. Bxe7 Nxe7 17. Qxh6 O-O-O {And now ...Rh8 would win.} 18. Qe3 Nc6 19. h3 f5 (19... Kb8 $16 20. Be2 d6) 20. exf5 $18 gxf5 21. Na4 d5 {With the idea ...Ne5.} 22. Nxb6+ $2 (22. Qxe6+ $18 Kb8 23. Bxd5) 22... Kb8 $11 {aiming for ...Ne5.} 23. Na4 ({Better is} 23. Qxe6 $16 Qxb6 24. Bxd5 (24. Rxd5 Rge8 $14)) 23... Ne5 24. Be2 $2 {[%mdl 8192]} (24. Rd4 $11) 24... d4 $19 25. Rxd4 Rxg2+ 26. Kh1 Rg3+ 27. Bf3 Bxf3+ 28. Kh2 {[#]} Bg2 $4 {[%mdl 8192]} (28... Ng4+ $1 {[%mdl 512] and all is fine.} 29. hxg4 Rh8+ 30. Qh6 Rxh6#) 29. Kxg3 $4 {[%mdl 8192]} (29. Rxd8+ $18 Qxd8 30. Qxe5+ {[%mdl 64] Double Attack} (30. fxg3 Bxf1 31. Qxe5+ {[%mdl 64] Double Attack} Qc7 $18) 30... Ka8 31. Rg1 (31. Kxg3 Bxf1 32. Qg7 Bb5 $16) 31... Rxh3+ 32. Kxg2) 29... Bxf1 $4 {[%mdl 8192]} (29... Rg8+ 30. Qg5 Rxg5+ 31. Rg4 Bxf1 32. f3 Nxg4+ 33. f4 Nh2+ $1 {[%mdl 512]} 34. Kf2 Qxf4+ 35. Ke1 Rg2 36. Kd1 Qd2#) 30. Rxd8+ $18 Qxd8 31. Qxe5+ {[%mdl 64] Double Attack} Ka7 (31... Ka8 {is a better defense.} 32. Qg7 (32. Qxe6 Qg5+ 33. Kf3 Qh5+ 34. Kf4 Qh4+ 35. Ke3 Qxa4 $11) 32... Bb5) 32. Qg7+ Ka8 33. Qe5 $2 ({White should play} 33. f4 $18) 33... Bb5 $2 {[%mdl 8192]} (33... Qg5+ $11 34. Kf3 Qh5+ {[%mdl 64] Double Attack} 35. Ke3 Qe2+ 36. Kf4 Qc4+ 37. Kg5 Qxa4) 34. Nc5 ({Worse is} 34. Qxe6 Qg5+ 35. Kh2 (35. Kf3 Qh5+ {[%mdl 64] Double Attack} 36. Kf4 Qh4+ {[%mdl 64] Double Attack} 37. Ke3 Qxa4 $11) 35... Qf4+ 36. Kg2 Qg5+ 37. Kh1 Qc1+ 38. Kg2 Qg5+ 39. Kh1 Qc1+ 40. Kg2 Qg5+ $11) 34... Qg8+ (34... Qg5+ $142 35. Kh2 Bc6) 35. Kf4 Bc6 36. Ke3 Qd8 37. Qd4 Qb6 38. Qd8+ $4 {[%mdl 8192]} (38. Nxe6 $18 Qa5 39. Qd8+ Qxd8 40. Nxd8) 38... Ka7 $4 {[%mdl 8192]} (38... Qxd8 $19 39. Nd3 {[#]} e5 $1 {[%mdl 512]}) 39. Qxb6+ Kxb6 40. Na4+ $2 (40. Nxe6 $18 Bd5 41. Nd4) 40... Ka5 $2 {[%mdl 8192]} (40... Bxa4 $11 41. h4 e5) 41. b3 Bxa4 42. c3 $2 (42. bxa4 {mates} Kxa4 43. h4 e5 44. h5 f4+ 45. Ke4 Kb4 46. h6 a5 47. h7) 42... Bxb3 $2 {[%mdl 32768] Never resign too early! Accuracy: White = 32%, Black = 16%. . Loss on time!?} (42... Be8 $18) 0-1

[Event "164 Stay Safe Play From Home"]
[Site "T#646250Emanuel Laske"]
[Date "2020.05.22"]
[Round "5"]
[White "Weltszmerc"]
[Black "BrainThinker22"]
[Result "0-1"]
[WhiteElo "2042"]
[BlackElo "2261"]
[Annotator "NA RC"]
[PlyCount "134"]
[EventDate "2020.05.22"]
[EventType "swiss (blitz)"]

1. d4 {[%emt 0:00:02]} c5 {[%emt 0:00:01]} 2. c4 {[%emt 0:00:00]} cxd4 {[%emt 0:00:01]} 3. Qxd4 {[%emt 0:00:00]} Nc6 {[%emt 0:00:01]} 4. Qd1 {[%emt 0:00:00]} Nf6 {[%emt 0:00:00]} 5. f3 {[%emt 0:00:01]} g6 {[%emt 0:00:00]} 6. e4 {[%emt 0:00:01]} d6 {[%emt 0:00:00]} 7. Nc3 {[%emt 0:00:01]} Bg7 {[%emt 0:00:00]} 8. Be3 {[%emt 0:00:00]} O-O {[%emt 0:00:00]} 9. Qd2 {[%emt 0:00:00]} Be6 {[%emt 0:00:01]} 10. b3 {[%emt 0:00:01]} Rc8 {[%emt 0:00:01]} 11. Rc1 {[%emt 0:00:00]} a6 {[%emt 0:00:03]} 12. Nge2 {[%emt 0:00:00]} Qc7 {[%emt 0:00:01]} 13. Nf4 {[%emt 0:00:01]} Bd7 {[%emt 0:00:02]} 14. Be2 {[%emt 0:00:00]} Qb8 {[%emt 0:00:01]} 15. O-O {[%emt 0:00:00]} Rfd8 {[%emt 0:00:02]} 16. Ncd5 {[%emt 0:00:02]} Nxd5 {[%emt 0:00:01]} 17. Nxd5 {[%emt 0:00:00]} e6 {[%emt 0:00:01]} 18. Nb6 {[%emt 0:00:02]} Rc7 {[%emt 0:00:01]} 19. Qxd6 {[%emt 0:00:02]} Be8 {[%emt 0:00:02]} 20. Qg3 {[%emt 0:00:03]} Bd4 {[%emt 0:00:01]} 21. Bxd4 {[%emt 0:00:02]} Nxd4 {[%emt 0:00:00]} 22. Qf2 {[%emt 0:00:03]} Nxe2+ {[%emt 0:00:03]} 23. Qxe2 {[%emt 0:00:01]} Rc6 {[%emt 0:00:01]} 24. c5 {[%emt 0:00:01]} Qc7 {[%emt 0:00:02]} 25. b4 {[%emt 0:00:01]} a5 {[%emt 0:00:02]} 26. a3 {[%emt 0:00:01]} f5 {[%emt 0:00:04]} 27. exf5 {[%emt 0:00:02]} exf5 {[%emt 0:00:00]} 28. Nc4 {[%emt 0:00:02]} Bf7 {[%emt 0:00:01]} 29. Qe5 {[%emt 0:00:03]} axb4 {[%emt 0:00:02]} 30. Qxc7 {[%emt 0:00:01]} Rxc7 {[%emt 0:00:00]} 31. axb4 {[%emt 0:00:01]} Rd4 {[%emt 0:00:02]} 32. Nd6 {[%emt 0:00:02]} Rxb4 {[%emt 0:00:01]} 33. Rfd1 {[%emt 0:00:01]} Rb2 {[%emt 0:00:03]} 34. h3 {[%emt 0:00:02]} Bb3 {[%emt 0:00:01]} 35. Rd3 {[%emt 0:00:02]} Rc2 {[%emt 0:00:01]} 36. Rxc2 {[%emt 0:00:02]} Bxc2 {[%emt 0:00:00]} 37. Rc3 {[%emt 0:00:01]} Ba4 {[%emt 0:00:01]} 38. Kf2 {[%emt 0:00:02]} Kf8 {[%emt 0:00:01]} 39. Ke3 {[%emt 0:00:01]} Bc6 {[%emt 0:00:01]} 40. Kd4 {[%emt 0:00:01]} Re7 {[%emt 0:00:00]} 41. Nc4 {[%emt 0:00:01]} Re2 {[%emt 0:00:01]} 42. Ne5 {[%emt 0:00:00]} Rxg2 {[%emt 0:00:01]} 43. Nxc6 {[%emt 0:00:01]} bxc6 {[%emt 0:00:00]} 44. Rb3 {[%emt 0:00:01]} Rd2+ {[%emt 0:00:01]} 45. Ke5 {[%emt 0:00:01]} Rd5+ {[%emt 0:00:00]} 46. Ke6 {[%emt 0:00:00]} Rxc5 {[%emt 0:00:00]} 47. Rb8+ {[%emt 0:00:01]} Kg7 {[%emt 0:00:01]} 48. Rb7+ {[%emt 0:00:01]} Kh6 {[%emt 0:00:00]} 49. Kd6 {[%emt 0:00:00]} Rc3 {[%emt 0:00:01]} 50. f4 {[%emt 0:00:00]} Rxh3 {[%emt 0:00:01]} 51. Ke5 {[%emt 0:00:00]} Kh5 {[%emt 0:00:01]} 52. Kf6 {[%emt 0:00:00]} Kg4 {[%emt 0:00:00]} 53. Rxh7 {[%emt 0:00:01]} Rxh7 {[%emt 0:00:01]} 54. Kxg6 {[%emt 0:00:00]} Rd7 {[%emt 0:00:00]} 55. Kf6 {[%emt 0:00:01]} Rd1 {[%emt 0:00:00]} 56. Ke6 {[%emt 0:00:00]} c5 {[%emt 0:00:00]} 57. Kf6 {[%emt 0:00:00]} c4 {[%emt 0:00:00]} 58. Ke6 {[%emt 0:00:00]} c3 {[%emt 0:00:00]} 59. Kf6 {[%emt 0:00:00]} c2 {[%emt 0:00:00]} 60. Ke6 {[%emt 0:00:00]} c1=Q {[%emt 0:00:00]} 61. Kf6 {[%emt 0:00:00]} Qxf4 {[%emt 0:00:00]} 62. Kg7 {[%emt 0:00:00]} Qc1 {[%emt 0:00:00]} 63. Kh8 {[%emt 0:00:00]} f4 {[%emt 0:00:00]} 64. Kg7 {[%emt 0:00:00]} f3 {[%emt 0:00:00]} 65. Kh8 {[%emt 0:00:00]} f2 {[%emt 0:00:00]} 66. Kg7 {[%emt 0:00:00]} Rd7+ {[%emt 0:00:00]} 67. Kh8 {[%emt 0:00:00]} Qc8# {[%emt 0:00:00] (Lag: Av=0.62s, max=1.2s)} 0-1

[Event "164 Stay Safe Play From Home"]
[Site "T#646250Emanuel Laske"]
[Date "2020.05.22"]
[Round "5"]
[White "Emresenar"]
[Black "Fischer_11"]
[Result "0-1"]
[WhiteElo "1727"]
[BlackElo "2068"]
[Annotator "NA RC"]
[PlyCount "80"]
[EventDate "2020.05.22"]
[EventType "swiss (blitz)"]

1. e4 {[%emt 0:00:01]} Nf6 {[%emt 0:00:01]} 2. Nc3 {[%emt 0:00:01]} d5 {[%emt 0:00:01]} 3. exd5 {[%emt 0:00:01]} Nxd5 {[%emt 0:00:00]} 4. Bc4 {[%emt 0:00:02]} Nxc3 {[%emt 0:00:01]} 5. dxc3 {[%emt 0:00:01]} Qxd1+ {[%emt 0:00:01]} 6. Kxd1 {[%emt 0:00:00]} Bg4+ {[%emt 0:00:01]} 7. f3 {[%emt 0:00:01]} Bf5 {[%emt 0:00:01]} 8. Ne2 {[%emt 0:00:03]} Nc6 {[%emt 0:00:00]} 9. Ng3 {[%emt 0:00:06]} O-O-O+ {[%emt 0:00:00]} 10. Bd2 {[%emt 0:00:02]} Bg6 {[%emt 0:00:02]} 11. h4 {[%emt 0:00:03]} h6 {[%emt 0:00:02]} 12. h5 {[%emt 0:00:01]} Bh7 {[%emt 0:00:00]} 13. Bb3 {[%emt 0:00:01]} e6 {[%emt 0:00:03]} 14. Ke2 {[%emt 0:00:01]} Bd6 {[%emt 0:00:03]} 15. Ne4 {[%emt 0:00:04]} Be7 {[%emt 0:00:02]} 16. Rad1 {[%emt 0:00:03]} b6 {[%emt 0:00:01]} 17. Bf4 {[%emt 0:00:03]} Kb7 {[%emt 0:00:01]} 18. Rd3 {[%emt 0:00:03]} a5 {[%emt 0:00:05]} 19. Rhd1 {[%emt 0:00:03]} b5 {[%emt 0:00:01]} 20. a4 {[%emt 0:00:01]} b4 {[%emt 0:00:02]} 21. Rxd8 {[%emt 0:00:03]} Rxd8 {[%emt 0:00:02]} 22. Rxd8 {[%emt 0:00:01]} Nxd8 {[%emt 0:00:01]} 23. cxb4 {[%emt 0:00:03]} Bxb4 {[%emt 0:00:00]} 24. c3 {[%emt 0:00:01]} Be7 {[%emt 0:00:02]} 25. Ke3 {[%emt 0:00:01]} Nc6 {[%emt 0:00:01]} 26. Bc2 {[%emt 0:00:02]} Kb6 {[%emt 0:00:03]} 27. b3 {[%emt 0:00:01]} e5 {[%emt 0:00:02]} 28. Bg3 {[%emt 0:00:01]} f6 {[%emt 0:00:00]} 29. Bf2 {[%emt 0:00:00]} Kb7 {[%emt 0:00:02]} 30. Ke2 {[%emt 0:00:00]} Kc8 {[%emt 0:00:01]} 31. Kd2 {[%emt 0:00:00]} Bg8 {[%emt 0:00:01]} 32. Kc1 {[%emt 0:00:00]} Bd5 {[%emt 0:00:00]} 33. Kb2 {[%emt 0:00:01]} Bxe4 {[%emt 0:00:00]} 34. fxe4 {[%emt 0:00:00]} Bd6 {[%emt 0:00:00]} 35. Bd3 {[%emt 0:00:00]} Be7 {[%emt 0:00:00]} 36. g3 {[%emt 0:00:00]} f5 {[%emt 0:00:00]} 37. Be3 {[%emt 0:00:00]} f4 {[%emt 0:00:00]} 38. gxf4 {[%emt 0:00:01]} exf4 {[%emt 0:00:00]} 39. Bxf4 {[%emt 0:00:00]} Bf6 {[%emt 0:00:00]} 40. e5 {[%emt 0:00:01]} Bg5 {[%emt 0:00:00] Zaman (Lag: Av=0.64s, max=1.2s)} 0-1

[Event "164 Stay Safe Play From Home"]
[Site "T#646250Emanuel Laske"]
[Date "2020.05.22"]
[Round "5"]
[White "Trotsky"]
[Black "SecantFX"]
[Result "1-0"]
[WhiteElo "1576"]
[BlackElo "1907"]
[Annotator "TA"]
[PlyCount "63"]
[EventDate "2020.05.22"]
[EventType "swiss (blitz)"]

{[%evp 9,62,15,137,0,-1,-9,11,-72,-43,-62,-31,-41,-37,-106,-104,-195,-119,-273,-152,-296,-272,-288,-290,-304,266,268,693,684,847,531,532,510,504,422,799,768,759,749,1736,725,649,307,414,299,377,286,285,262,276,277,479,441,29990,29991,29999]} 1. d4 b6 2. e3 Bb7 3. c4 c5 4. Nc3 cxd4 5. exd4 d5 {[#]} (5... Nf6 $11) 6. f3 $146 {A40: Unusual replies to 1 d4.} (6. cxd5 $16 {Bb5+ is the strong threat.} a6 7. Nf3) ({Predecessor:} 6. Nf3 e6 7. cxd5 Bxd5 8. Bb5+ Bc6 9. Qa4 Ne7 10. Bf4 a6 11. Bxc6+ Nexc6 12. Bxb8 {1-0 (32) Koszegi,L (2149)-Jozsa,M Fuzesabony 2001}) 6... dxc4 $11 7. Bxc4 Nf6 8. Qc2 (8. Bg5 $11 {keeps the balance.}) 8... e6 9. Be3 Be7 10. Bd3 O-O 11. h4 (11. Nge2 $15) 11... Nc6 $17 12. Nh3 (12. Qd2 $17) 12... h6 ({Black should play} 12... Nxd4 $19 13. Qd2 Nc6) 13. a3 $2 (13. Qd2 $17) 13... Rc8 (13... Nxd4 $19 14. Qd1 Bc5) 14. Ng5 (14. Rd1 $17) 14... Nxd4 $19 15. Bxd4 Qxd4 16. O-O-O {Black must now prevent Bh7+.} hxg5 $4 {[%mdl 8192] [#]} (16... Qe5 $19 {avoids the disaster.} 17. Kb1 Bxa3 {[%mdl 64] Deflection} 18. bxa3 Qxc3 19. Qxc3 Rxc3) 17. Bh7+ $1 $18 {[%mdl 576] Discovered Attack, Zwischenzug} Kh8 $2 (17... Nxh7 18. Rxd4 gxh4) 18. Rxd4 Nxh7 19. hxg5 Bxg5+ 20. Kb1 {[%csl Gh1][%cal Rc2h7]} Bh6 21. Rdh4 Kg8 (21... Rc7 $142 22. Qd2 Ba6) 22. Rxh6 gxh6 23. Rxh6 {[%csl Gh6][%cal Rc2h7]} Nf6 24. g4 (24. Qf2 $142 Ng4 25. fxg4) 24... Kg7 25. Rh4 (25. g5 $142 {Hoping for Qh2.} Rh8 26. Rxh8 Rxh8 27. gxf6+ Kxf6 28. Qa4 Rh1+ 29. Kc2) 25... Nd5 26. Qh7+ Kf6 27. Rh6+ Ke7 28. Qg7 Nxc3+ 29. bxc3 Rg8 $2 (29... Ke8 {keeps fighting.} 30. Qf6 Rd8) 30. Qf6+ Kf8 {[#]} (30... Ke8 $18 31. Rh7 Rf8) 31. Rh7 $1 {[%csl Gh7][%cal Rf6f7]} Rc7 32. Qd8# {What a bad dream for Black. Accuracy: White = 34%, Black = 28%.} 1-0

[Event "164 Stay Safe Play From Home"]
[Site "T#646250Emanuel Laske"]
[Date "2020.05.22"]
[Round "6"]
[White "Rogan"]
[Black "Weltszmerc"]
[Result "0-1"]
[WhiteElo "2275"]
[BlackElo "2034"]
[Annotator "RC"]
[PlyCount "68"]
[EventDate "2020.05.22"]
[EventType "swiss (blitz)"]

1. d4 {[%emt 0:00:01]} Nf6 {[%emt 0:00:00]} 2. c3 {[%emt 0:00:00]} b6 {[%emt 0:00:00]} 3. Nf3 {[%emt 0:00:00]} Bb7 {[%emt 0:00:00]} 4. Bg5 {[%emt 0:00:00]} e6 {[%emt 0:00:00]} 5. e3 {[%emt 0:00:01]} Be7 {[%emt 0:00:01]} 6. Bd3 {[%emt 0:00:01]} O-O {[%emt 0:00:00]} 7. Nbd2 {[%emt 0:00:01]} d5 {[%emt 0:00:00]} 8. Qc2 {[%emt 0:00:01]} c5 {[%emt 0:00:01]} 9. O-O {[%emt 0:00:01]} h6 {[%emt 0:00:01]} 10. Bh4 {[%emt 0:00:01]} Ba6 {[%emt 0:00:01]} 11. Bxa6 {[%emt 0:00:01]} Nxa6 {[%emt 0:00:00]} 12. Ne5 {[%emt 0:00:00]} Rc8 {[%emt 0:00:02]} 13. Qa4 {[%emt 0:00:02]} Nb8 {[%emt 0:00:05]} 14. Qxa7 {[%emt 0:00:01]} Qc7 {[%emt 0:00:00]} 15. Qxc7 {[%emt 0:00:02]} Rxc7 {[%emt 0:00:00]} 16. a4 {[%emt 0:00:01]} Nc6 {[%emt 0:00:01]} 17. Nxc6 {[%emt 0:00:01]} Rxc6 {[%emt 0:00:00]} 18. a5 {[%emt 0:00:00]} b5 {[%emt 0:00:01]} 19. Nb3 {[%emt 0:00:03]} c4 {[%emt 0:00:01]} 20. Nd2 {[%emt 0:00:03]} Ra8 {[%emt 0:00:01]} 21. Ra2 {[%emt 0:00:01]} b4 {[%emt 0:00:01]} 22. Rfa1 {[%emt 0:00:04]} b3 {[%emt 0:00:01]} 23. Ra4 {[%emt 0:00:01]} Rca6 {[%emt 0:00:01]} 24. Bxf6 {[%emt 0:00:01]} Bxf6 {[%emt 0:00:02]} 25. e4 {[%emt 0:00:00]} Bg5 {[%emt 0:00:01]} 26. Nf3 {[%emt 0:00:03]} Bd8 {[%emt 0:00:01]} 27. exd5 {[%emt 0:00:01]} exd5 {[%emt 0:00:01]} 28. Ne5 {[%emt 0:00:00]} Rxa5 {[%emt 0:00:01]} 29. Rxa5 {[%emt 0:00:01]} Rxa5 {[%emt 0:00:00]} 30. Rxa5 {[%emt 0:00:03]} Bxa5 {[%emt 0:00:00]} 31. Nc6 {[%emt 0:00:00]} Bxc3 {[%emt 0:00:02]} 32. Ne7+ {[%emt 0:00:05]} Kf8 {[%emt 0:00:02]} 33. Nxd5 {[%emt 0:00:00]} Bxb2 {[%emt 0:00:01]} 34. Nb6 {[%emt 0:00:02]} c3 {[%emt 0:00:01] Rogan resigns (Lag: Av=1.02s, max=1.6s)} 0-1

[Event "164 Stay Safe Play From Home"]
[Site "T#646250Emanuel Laske"]
[Date "2020.05.22"]
[Round "6"]
[White "BrainThinker22"]
[Black "Lamborghini"]
[Result "0-1"]
[WhiteElo "2269"]
[BlackElo "2188"]
[Annotator "NA RC"]
[PlyCount "86"]
[EventDate "2020.05.22"]
[EventType "swiss (blitz)"]

1. e4 {[%emt 0:00:01]} g6 {[%emt 0:00:01]} 2. Nc3 {[%emt 0:00:00]} Bg7 {[%emt 0:00:00]} 3. g3 {[%emt 0:00:00]} c5 {[%emt 0:00:01]} 4. Bg2 {[%emt 0:00:00]} Nc6 {[%emt 0:00:00]} 5. d3 {[%emt 0:00:00]} d6 {[%emt 0:00:00]} 6. Be3 {[%emt 0:00:00]} Bd7 {[%emt 0:00:00]} 7. Qd2 {[%emt 0:00:00]} Qc8 {[%emt 0:00:00]} 8. Nge2 {[%emt 0:00:01]} h5 {[%emt 0:00:01]} 9. h3 {[%emt 0:00:01]} Rb8 {[%emt 0:00:01]} 10. f4 {[%emt 0:00:01]} b5 {[%emt 0:00:01]} 11. a3 {[%emt 0:00:00]} a5 {[%emt 0:00:01]} 12. d4 {[%emt 0:00:01]} cxd4 {[%emt 0:00:01]} 13. Nxd4 {[%emt 0:00:00]} b4 {[%emt 0:00:04]} 14. axb4 {[%emt 0:00:01]} axb4 {[%emt 0:00:01]} 15. Nd1 {[%emt 0:00:01]} Nf6 {[%emt 0:00:01]} 16. Nxc6 {[%emt 0:00:02]} Bxc6 {[%emt 0:00:01]} 17. Qd3 {[%emt 0:00:02]} O-O {[%emt 0:00:02]} 18. O-O {[%emt 0:00:01]} Bb5 {[%emt 0:00:01]} 19. Qb3 {[%emt 0:00:03]} Bc4 {[%emt 0:00:01]} 20. Qa4 {[%emt 0:00:03]} Bxf1 {[%emt 0:00:01]} 21. Kxf1 {[%emt 0:00:00]} Qc4+ {[%emt 0:00:02]} 22. Kg1 {[%emt 0:00:03]} Nxe4 {[%emt 0:00:01]} 23. Kh2 {[%emt 0:00:10]} h4 {[%emt 0:00:01]} 24. Bxe4 {[%emt 0:00:05]} Qxe4 {[%emt 0:00:01]} 25. Qb3 {[%emt 0:00:00]} hxg3+ {[%emt 0:00:01]} 26. Kxg3 {[%emt 0:00:01]} e5 {[%emt 0:00:01]} 27. Nf2 {[%emt 0:00:01]} exf4+ {[%emt 0:00:01]} 28. Bxf4 {[%emt 0:00:00]} Qf5 {[%emt 0:00:01]} 29. Ng4 {[%emt 0:00:02]} Kh7 {[%emt 0:00:02]} 30. Rf1 {[%emt 0:00:01]} Qe6 {[%emt 0:00:02]} 31. Qf3 {[%emt 0:00:01]} f5 {[%emt 0:00:01]} 32. Ne3 {[%emt 0:00:01]} Be5 {[%emt 0:00:01]} 33. h4 {[%emt 0:00:01]} Rbc8 {[%emt 0:00:02]} 34. h5 {[%emt 0:00:01]} g5 {[%emt 0:00:01]} 35. Bxe5 {[%emt 0:00:01]} Qxe5+ {[%emt 0:00:01]} 36. Kg2 {[%emt 0:00:02]} g4 {[%emt 0:00:01]} 37. Qb7+ {[%emt 0:00:01]} Kh6 {[%emt 0:00:01]} 38. Qd7 {[%emt 0:00:08]} Qe4+ {[%emt 0:00:06]} 39. Kg1 {[%emt 0:00:02]} Qxe3+ {[%emt 0:00:01]} 40. Kh1 {[%emt 0:00:00]} Qe4+ {[%emt 0:00:01]} 41. Kg1 {[%emt 0:00:00]} Rce8 {[%emt 0:00:01]} 42. Qxd6+ {[%emt 0:00:00]} Qe6 {[%emt 0:00:01]} 43. Qd2+ {[%emt 0:00:00]} Qe3+ {[%emt 0:00:01] Time (Lag: Av=0.31s, max=0.7s)} 0-1